[Event "GER Seniors Derby 07th"]
[Site "Wesel Undeloh"]
[Date "2008.03.30"]
[Round "7.7"]
[White "Benndorf, Peter"]
[Black "Plischke, Berthold"]
[Result "0-1"]
[WhiteElo "1759"]
[BlackElo "1795"]
[PlyCount "46"]
[EventDate "2008.03.27"]
[EventType "swiss"]
[EventRounds "7"]
[EventCountry "GER"]
[SourceTitle "EXT 2022"]
[Source "ChessBase"]
[SourceDate "2021.10.06"]
[SourceVersion "1"]
[SourceVersionDate "2021.10.06"]
[SourceQuality "1"]

1. c4 f5 2. Nc3 Nf6 3. d3 d6 4. e3 e5 5. Be2 Be7 6. Nf3 0-0 7. 0-0 Qe8 8. Qc2 Nc6 9. a3 a5 10. b3 Qg6 11. Nd5 Bd8 12. Nxf6+ Bxf6 13. Bb2 Qh6 14. Rab1 f4 15. Bc1 g5 16. exf4 exf4 17. Bb2 g4 18. Nd2 f3 19. gxf3 Ne5 20. fxg4 Bxg4 21. Ne4 Nf3+ 22. Bxf3 Bxf3 23. Bxf6 Qh3 0-1

[Event "Bad Koenigshofen op 6th"]
[Site "Bad Koenigshofen"]
[Date "2007.12.28"]
[Round "5"]
[White "Benndorf, Peter"]
[Black "Filbry, Lothar"]
[Result "1-0"]
[WhiteElo "1777"]
[BlackElo "1550"]
[PlyCount "87"]
[EventDate "2007.12.26"]
[EventType "swiss"]
[EventRounds "7"]
[EventCountry "GER"]
[SourceTitle "CBM 122 Extra"]
[Source "ChessBase"]
[SourceDate "2008.03.04"]
[SourceVersion "1"]
[SourceVersionDate "2008.03.04"]
[SourceQuality "1"]

1. Nf3 d5 2. g3 Nc6 3. d4 Bf5 4. Bg2 h6 5. 0-0 e6 6. Re1 Bd6 7. a3 Nf6 8. Nbd2 0-0 9. c3 e5 10. dxe5 Nxe5 11. Nxe5 Bxe5 12. Qb3 Rb8 13. Nf3 Re8 14. Be3 b6 15. Bd4 Bxd4 16. Nxd4 Qd7 17. Rad1 Be4 18. f3 Bg6 19. Rd2 Re3 20. Qd1 Rbe8 21. Nc2 Bxc2 22. Qxc2 Qb5 23. Kh1 Nd7 24. a4 Qc5 25. Bh3 Nf6 26. Qd1 Qe7 27. Bg2 c5 28. Kg1 g5 29. Kf2 Qe5 30. Rd3 h5 31. Qd2 Rxd3 32. Qxd3 Kg7 33. e3 d4 34. cxd4 cxd4 35. e4 h4 36. Rh1 Rh8 37. Rd1 g4 38. f4 hxg3+ 39. hxg3 Qc7 40. Qxd4 Qc2+ 41. Rd2 Qb1 42. e5 Rh2 43. exf6+ Kg6 44. Qd3+ 1-0

[Event "Schweinfurt op"]
[Site "Schweinfurt"]
[Date "2007.05.20"]
[Round "6"]
[White "Benndorf, Peter"]
[Black "Behl, Claus"]
[Result "0-1"]
[WhiteElo "1738"]
[BlackElo "2039"]
[PlyCount "86"]
[EventDate "2007.05.17"]
[EventType "swiss"]
[EventRounds "7"]
[EventCountry "GER"]
[SourceTitle "CBM 118 Extra"]
[Source "ChessBase"]
[SourceDate "2007.07.04"]
[SourceVersion "1"]
[SourceVersionDate "2007.07.04"]
[SourceQuality "1"]

1. c4 Nf6 2. g3 g6 3. Bg2 Bg7 4. Nc3 0-0 5. Nf3 d6 6. 0-0 e5 7. d3 a6 8. Bg5 c6 9. Qd2 Re8 10. Rad1 Be6 11. Qc1 Nbd7 12. Nd2 h6 13. Bxf6 Nxf6 14. Nde4 Nh5 15. h3 f5 16. Nd2 Qd7 17. Kh2 Rac8 18. Na4 Qd8 19. Nf3 b5 20. Nc3 bxc4 21. d4 e4 22. Ng1 d5 23. e3 g5 24. Rfe1 Rf8 25. Rf1 Qd6 26. f4 exf3 27. Rxf3 Bf7 28. Nge2 Bg6 29. Rdf1 Rce8 30. R3f2 Rf7 31. Qd2 Qc7 32. Bf3 Nf6 33. Kg1 Rfe7 34. Nd1 Re6 35. h4 Ne4 36. Bxe4 Rxe4 37. hxg5 hxg5 38. Rh2 c5 39. Kh1 cxd4 40. exd4 Qe7 41. Ndc3 Re3 42. Qc2 Rd3 43. Nxd5 Qe4+ 0-1